| 000 | 01159nam a22003377a 4500 | ||
|---|---|---|---|
| 003 | CHAP | ||
| 005 | 20220329140738.0 | ||
| 008 | 971013s1982 r 00010 d | ||
| 010 | _a56933 | ||
| 011 | _a57905 | ||
| 035 | _a62060 | ||
| 040 | _cCHAP | ||
| 082 |
_a615.32 _bS2Y |
||
| 100 | 0 | 0 |
_aSchultes, Richard Evans. _9103216 |
| 245 |
_aPlantas de los dioses _b: orígenes del uso de los alucinógenos |
||
| 260 |
_aMéxico : _bFondo de Cultura Económica, _c1982 |
||
| 300 |
_a192 p. _b: ilus. ; mapas ; gráfs. |
||
| 590 |
_aBATCH-UPD _b10 _c20130110 _lUCH01 _h0831 |
||
| 590 |
_aBATCH-UPD _b10 _c20130410 _lUCH01 _h0509 |
||
| 590 |
_aBATCH-UPD _b10 _c20130914 _lUCH01 _h0741 |
||
| 590 |
_aCONVERSION _b10 _c20130109 _lUCH01 _h1331 |
||
| 650 | 1 | 4 |
_aBotánica médica. _914680 |
| 650 | 1 | 4 |
_aDrogas alucinógenas. _934247 |
| 650 | 1 | 4 |
_aHongos alucinógenos. _956123 |
| 650 | 1 | 4 |
_aPlantas alucinógenas. _988898 |
| 700 | 0 |
_aHofmann, Albert. _955813 |
|
| 901 | _aBK | ||
| 942 | _cLIBRO | ||
| 949 |
_a615.32 S2Y _bBC _cESP _d33724000602215 _eESP _gI.125061 _h64313 _i62060 _si |
||
| 949 |
_a615.32 S2Y _bBC _cLIBRO _d33724000900700 _eLIBRO _fc.2 _gI.125062 _h64314 _i62060 _si |
||
| 999 |
_c56933 _d56933 |
||